Anorganická chémia : Vzorce a názvy /

Enregistré dans:
Détails bibliographiques
Auteur principal: Zikmund, Miroslav (Auteur)
Format: Livre
Langue:slovaque
Publié: Bratislava : Univerzita Komenského v Bratislave, 1995
Tags: Ajouter un tag
Pas de tags, Soyez le premier à ajouter un tag!

MARC

LEADER 00000nam a22000003a 4500
001 stu23552
005 20150617225748.3
008 951025s1995----xo------------------slo-d
020 |a 80-223-0919-2 
040 |a STU  |b slo 
041 0 |a slo 
044 |a xo 
080 |a 546(075.8) 
100 1 |a Zikmund, Miroslav  |4 aut 
245 1 |a Anorganická chémia :  |b Vzorce a názvy /  |c [aut.]Zikmund,Miroslav 
260 |a Bratislava :  |b Univerzita Komenského v Bratislave,  |c 1995 
300 |a 129 s :  |b Tab.,lit 
500 |a (Dočasná vysokoškolská učebnica) 
996 |b CS33563  |c C*S33563  |l CCIII  |s P  |a 0  |w stu23552_0001